| 000 | 00547nam a2200193 i 4500 | ||
|---|---|---|---|
| 001 | 148181 | ||
| 003 | ES-MaACL | ||
| 005 | 20250815062537.0 | ||
| 007 | t| | ||
| 008 | 070214s1934 xxu r ||||1| eng d | ||
| 100 | 1 |
_aStamp, Laurence Dudley. _9107880 |
|
| 245 | 1 | 0 |
_aGeographical exercices / _cby Dudley L. Stamp, Elsa C. Stamp. |
| 260 |
_aNew York : _bLongmans Green, _c1934. |
||
| 300 |
_a64 p. ; _ccm. |
||
| 650 | 0 | 7 |
_aGeografĂa _2embne _913070 |
| 700 | 1 |
_aStamp, Elsa C. _9107879 |
|
| 852 |
_aES-MaACL _j1766-F-18 |
||
| 999 |
_c148181 _d148181 |
||